Economics and entrepreneurship / (Record no. 354918)
[ view plain ]
| 000 -LEADER | |
|---|---|
| fixed length control field | 00326nam a2200109Ia 4500 |
| 008 - FIXED-LENGTH DATA ELEMENTS--GENERAL INFORMATION | |
| fixed length control field | 180205s9999 xx 000 0 und d |
| 020 ## - INTERNATIONAL STANDARD BOOK NUMBER | |
| International Standard Book Number | 9789814687331 |
| 100 ## - MAIN ENTRY--PERSONAL NAME | |
| Personal name | Sexton, Robert L. |
| 245 ## - TITLE STATEMENT | |
| Statement of responsibility, etc | Greene, Cynthia L. |
| Title | Economics and entrepreneurship / |
| 260 ## - PUBLICATION, DISTRIBUTION, ETC. (IMPRINT) | |
| Place of publication, distribution, etc | Quezon City |
| Name of publisher, distributor, etc | C & E publishing |
| Date of publication, distribution, etc | 2015 |
| 300 ## - PHYSICAL DESCRIPTION | |
| Extent | iii, 399 pages |
| Withdrawn status | Lost status | Damaged status | Home library | Current library | Shelving location | Date acquired | Source of acquisition | Total Checkouts | Total Renewals | Full call number | Barcode | Date last seen | Date checked out | Price effective from | Koha item type |
|---|---|---|---|---|---|---|---|---|---|---|---|---|---|---|---|
| College Library | College Library | Filipiniana Section | 02/05/2018 | Library Fund | 2 | 6 | HB 615 .Se518 2015 | c21145 | 01/16/2023 | 11/25/2022 | 02/05/2018 | Books |